| 000 | 00361nam a2200145Ia 4500 | ||
|---|---|---|---|
| 008 | 230917s9999||||xx |||||||||||||| ||und|| | ||
| 040 |
_e40297 _aMAIN |
||
| 041 | _aEnglish | ||
| 082 | _a809 3876 P248S | ||
| 100 | _aParrrinder, Patrick, ed | ||
| 245 | 0 | _aScience fiction: a critical guide | |
| 260 |
_aLondon _bLongman _c1979 |
||
| 300 | _a238 p. | ||
| 942 | _cBK | ||
| 999 |
_c57000 _d57000 |
||